| 000 | 00854cab a2200241 4500 | ||
|---|---|---|---|
| 001 | WB3007-21 | ||
| 008 | 090401t1994 xxu||||| |||| 00| 0 eng d | ||
| 035 | _a(Sirsi) u71539 | ||
| 041 | _aeng | ||
| 245 | _aRICS issues PI cover guidance | ||
| 260 | _c1994 | ||
| 350 | _a0 | ||
| 490 |
_aEstates Times _v(1221) 11 February 1994, 2(1) |
||
| 520 | _aAn RICS / Council of Mortgage Lenders information paper sets out facts on professional indemnity insurance and the factors that have an influence on the notification of claims involving valuation work. (Copies available from the library free of charge) | ||
| 650 | _aCOUNCIL OF MORTGAGE LENDERS | ||
| 650 | _aGUIDANCE | ||
| 650 | _aMULTIPLE VALUATION CLAIMS | ||
| 650 | _aPROFESSIONAL INDEMNITY INSURANCE | ||
| 650 | _aRICS | ||
| 690 |
_aINSURANCE _96249 |
||
| 942 | _n0 | ||
| 948 | _c04/03/1997 | ||
| 999 |
_c45117 _d45117 |
||